00417nam a2200121Ia 4500008004100000082001700041100001900058245005600077260004400133365000600177630005600183730005600239100415s9999 xx 000 0 und d b12269a574.5 aGadgil Madhav aThis fissured land : an ecological history of India aNEW YORKc1992bOXFORD UNIVERSITY PRESS b0 aThis fissured land : an ecological history of India aThis fissured land : an ecological history of India